000 00380nam a2200133 a 4500
001 000040197
005 20201002033957.0
008 130814s1966 ag 000 0 spa d
040 _aDO-SdBNP
_bspa
_cBNPHU
100 1 _aCortázar, Julio
_922782
245 1 4 _aLos premios /
_cJulio Cortázar.
260 _aBuenos Aires :
_bEditorial Sudamericana,
_c1966.
300 _a425 p. ;
_c20 cm.
999 _c39687
_d39687